[Event "Czestochowa YAWAL op"]
[Site "Czestochowa"]
[Date "1994.??.??"]
[Round "8"]
[White "Dluzniewski, Marcin"]
[Black "Przenioslo, Z."]
[Result "1-0"]
[WhiteElo "2215"]
[BlackElo "1800"]
[PlyCount "65"]
[EventDate "1994.??.??"]
[EventType "swiss"]
[EventRounds "9"]
[EventCountry "POL"]
[SourceTitle "EXT 2006"]
[Source "ChessBase"]
[SourceDate "2005.11.24"]
[SourceVersion "1"]
[SourceVersionDate "2005.11.24"]
[SourceQuality "1"]

1. e4 e6 2. d4 d5 3. e5 c5 4. c3 Bd7 5. Nf3 Nc6 6. Be2 f6 7. Bf4 Qc7 8. Bg3 f5 9. 0-0 0-0-0 10. Nbd2 h6 11. h4 Be7 12. h5 Be8 13. dxc5 Bxh5 14. Nd4 Bxe2 15. Qxe2 Nxd4 16. cxd4 g5 17. b4 h5 18. b5 Kd7 19. Rfc1 Ke8 20. a4 h4 21. Bh2 h3 22. gxh3 Rxh3 23. Kg2 Rh4 24. Nb3 f4 25. Rh1 Nh6 26. Bxf4 Rg4+ 27. Bg3 Re4 28. Qh5+ Nf7 29. Qg6 Bf8 30. Qxe6+ Qe7 31. Qg6 b6 32. Rac1 bxc5 33. Nxc5 1-0

[Event "Czestochowa YAWAL op"]
[Site "Czestochowa"]
[Date "1994.??.??"]
[Round "7"]
[White "Przenioslo, Z."]
[Black "Gawronski, Miroslaw"]
[Result "0-1"]
[WhiteElo "1800"]
[BlackElo "2290"]
[PlyCount "88"]
[EventDate "1994.??.??"]
[EventType "swiss"]
[EventRounds "9"]
[EventCountry "POL"]
[SourceTitle "EXT 2006"]
[Source "ChessBase"]
[SourceDate "2005.11.24"]
[SourceVersion "1"]
[SourceVersionDate "2005.11.24"]
[SourceQuality "1"]

1. d4 d5 2. c4 dxc4 3. Nc3 a6 4. a4 Nc6 5. Nf3 Nf6 6. d5 Na5 7. e4 e6 8. Bg5 Be7 9. Bxf6 Bxf6 10. Nd2 Bxc3 11. bxc3 exd5 12. exd5 Qxd5 13. Nxc4 Qxd1+ 14. Rxd1 Nxc4 15. Bxc4 0-0 16. f3 Re8+ 17. Kf2 Kf8 18. Rb1 Re5 19. Rhd1 Ke7 20. Rd4 b6 21. Bd5 Rb8 22. f4 Rh5 23. h3 Be6 24. Re1 Kf6 25. Bf3 Rc5 26. Re3 b5 27. axb5 Rbxb5 28. g4 g6 29. Be2 Rb3 30. Bxa6 Rbxc3 31. Rxc3 Rxc3 32. Rd3 Rc2+ 33. Kg3 h6 34. h4 c5 35. g5+ hxg5 36. hxg5+ Ke7 37. Re3 Kd6 38. Bd3 Rc3 39. Kf2 c4 40. Be4 Rb3 41. Ke2 Kc5 42. Rxb3 cxb3 43. Ke3 b2 44. Bb1 Bf5 0-1